Влияние ультрафиолетового облучения на электролюминесценцию цинксульфидных фосфоров; Конференция "Изменение свойств материалов под действием излучений"

書誌詳細
Parent link:Конференция "Изменение свойств материалов под действием излучений".— 1961.— С. 41
第一著者: Работкин В. Л.
言語:ロシア語
出版事項: 1961
主題:
フォーマット: MixedMaterials 図書の章
KOHA link:https://koha.lib.tpu.ru/cgi-bin/koha/opac-detail.pl?biblionumber=591075

MARC

LEADER 00000naa0a2200000 4500
001 591075
005 20250821162116.0
035 |a (RuTPU)RU\TPU\tpu\973 
035 |a TPU00000973 
090 |a 591075 
100 |a 20011210d1961 k||y0rusy50 ca 
101 0 |a rus 
102 |a RU 
200 1 |a Влияние ультрафиолетового облучения на электролюминесценцию цинксульфидных фосфоров  |f В. Л. Работкин 
463 1 |t Конференция "Изменение свойств материалов под действием излучений"  |v С. 41  |d 1961 
610 1 |a физика 
610 1 |a труды учёных ТПУ 
700 1 |a Работкин  |b В. Л. 
801 0 |a RU  |b 63413507  |c 20011210  |g PSBO 
801 2 |a RU  |b 63413507  |c 20050829  |g PSBO 
942 |c BK